000 01157pab a2200193 454500
008 180718b2013 xxu||||| |||| 00| 0 eng d
100 _aPagnou, Sasso
245 _aThe role played by the judicial review in good governance process linked to decentralization: The case of Togo
260 _c2013
300 _ap.563-579.
362 _aSep
520 _aJudicial review of local authoritiesメ actions is necessary for the success of the process of decentralization as it allows conciliation of the principle of legality and the principle of free administration as elements of good governance. The judicial review joins thus a general movement of transformations aiming to strengthen democracy and the efficiency of public actions. It is then necessary to give to this control a definition adapted to this general context, an operating definition letting appear institutional reforms that must join this general movement of transformations. - Reproduce
650 _aDecentralization
650 _aGood governance
650 _aPublic administration
773 _aInternational Review of Administrative Sciences
908 _aN
909 _a101687
999 _c101685
_d101685